000 00802nam a2200205 i 4500
001 bg
100 1 _aFlizikowski, Józef
_d(1951- ).
245 0 _aBadania i podstawy konstrukcyjne wielotarczowych rozdrobniaczy nasion /
_cJózef Flizikowski.
260 _aBydgoszcz :
_bWydaw. Uczelniane ATR,
_c1990.
300 _a95 s. :
_bfot., rys., wykr. ;
_c24 cm.
490 1 _aRozprawy / Akademia techniczno-Rolnicza im. Jana i Jędrzeja Śniadeckich w Bydgoszczy,
_x0209-0597 ;
_vnr 42
504 _aBibliogr. s. 81-89.
710 _aAKADEMIA TECHNICZNO-ROLNICZA (Bydgoszcz)
830 0 _aRozprawy (Akademia techniczno-Rolnicza im. Jana i Jędrzeja Śniadeckich w Bydgoszczy) ;
_vnr 42
040 _cBPK
041 _apol
080 _a631.36
942 _cKS
008 s pl f |000 0 pol
999 _c29310
_d29310
856 _uhttp://koha.tu.koszalin.pl/cgi-bin/koha/opac-detail.pl?biblionumber=29310
_yKatalog online BPK